Liverpool FC's Highest Market Valued Players - Statistics

General Stats
  • This quiz has been taken 74 times
    13 since last reset
  • The average score is 24 of 25
Answer Stats
Year Player Value Position % Correct
24/25 Alexis Mac Allister 100.00m Central Midfield
100%
Alexis Mac Allister 75.00m Central Midfield
100%
23/24 Dominik Szoboszlai 75.00m Central Midfield
100%
(3 Players) Luis Díaz 75.00m Left Winger
100%
22/23 Luis Díaz 75.00m Left Winger
100%
21/22 Mohamed Salah 90.00m Right Winger
100%
20/21 Mohamed Salah 100.00m Right Winger
100%
19/20 Mohamed Salah 120.00m Right Winger
100%
18/19 Mohamed Salah 150.00m Right Winger
100%
17/18 Mohamed Salah 150.00m Right Winger
100%
(2 Players) Sadio Mané 120.00m Left Winger
100%
09/10 Steven Gerrard 50.00m Central Midfield
100%
08/09 Steven Gerrard 50.00m Central Midfield
100%
07/08 Steven Gerrard 45.00m Central Midfield
100%
06/07 Steven Gerrard 34.00m Central Midfield
100%
05/06 Steven Gerrard 34.00m Central Midfield
100%
04/05 Steven Gerrard 30.00m Central Midfield
100%
10/11 Fernando Torres 46.00m Centre-Forward
90%
(2 Players) Fernando Torres 50.00m Centre-Forward
90%
13/14 Luis Suárez 52.00m Centre-Forward
90%
12/13 Luis Suárez 36.00m Centre-Forward
90%
11/12 Luis Suárez 29.00m Centre-Forward
90%
16/17 Philippe Coutinho 45.00m Attacking Midfield
90%
15/16 Roberto Firmino 35.00m Centre-Forward
90%
14/15 Raheem Sterling 30.00m Right Winger
40%
No matching quizzes found
Score Distribution
Percent of People with Each Score
Percentile by Number Answered
Your Score History
You have not taken this quiz since the last reset